zpět

Detail výsledku týmu

Restaurace Lapák - Ládví, Praha

Datum a čas kvízu

27.5 Celkem bodů Celkový počet nahraných bodů na tomto kvízu bez doplňovacích otázek.
2. Pořadí na kvízu Konečné umístění týmu na tomto kvízu.

Zaznamenané odpovědi

# Otázka Odpověď Body Výsledky
1. V pondělí odpoledne se v Praze... nádvoří Pražského hradu, srdce 0
2. Jeden polský autobusový doprav... Hel 0
3. Minulý týden došlo k útěku dev... Děčín, makak 0.5
4. Ve středu oznámil český minist... Zdeněk Nekula, Marek Výborný 0.5
5. V úterý vyhrál jeden český atl... Jakub Vadlejch 1
6. V následujících otázkách se bu... Pangea, Gondwanu 0.5
7. Seřaďte následující minerály p... 1B 2D 3A 4C 1
8. Která vyvřelá hornina, běžně n... čedič (bazalt) 1
9. Součástí geologických věd je t... na Islandu, v Norsku 0.5
10. Geologické období paleozoikum... karbon, perm 0